000 00376nam a2200145Ia 4500
008 210210b1993 xxu||||| |||| 00| 0 eng d
082 _a338.5 SUNM
100 _aSUNDHARAM (K P M) and VAISH (M C).
245 _aMicroeconomic theory. Ed.18
250 _a
260 _aAgra
_bRatan Prakashan Mandir
_c1993
300 _aviii,745
690 _aMicroeconomics
906 _a048029
999 _c97044
_d97044